000 00205 a2200097 4500
001 47335
100 _aBlackelt P
245 _aStudies of war
260 _aLondon
_bOliver Boyd
_c
090 _c30372
_d30372
942 _aNUST-CAE
_cM
_c22639
999 _c282408
_d282408